Christmas Songs (Acronyms) Quiz Stats

 Plays Quiz not verified by Sporcle

Challenge
Share
Tweet
Embed
Score 0/40 Timer 15:00
1 Play Today
Acronym Song % Correct
HYAMLCHave Yourself A Merry Little Christmas
69.1%
HYAMLCHave Yourself A Merry Little Christmas
69.1%
DTHDeck The Halls
61.8%
JBJingle Bells
60.8%
SNSilent Night
56.2%
JBRJingle Bell Rock
56.2%
SCICTTSanta Claus is Coming to Town
54.8%
OCTO, Christmas Tree
52.5%
LISLet It Snow
50.2%
AIAMAway In A Manger
49.8%
ISMKSCI Saw Mommy Kissing Santa Claus
49.3%
SBSanta Baby
47.5%
WWWinter Wonderland
47.5%
TTDOCThe Twelve Days of Christmas
46.1%
RTRNRRudolph the Red Nosed Reindeer
44.2%
H!THASHark! The Herald Angels Sing
44.2%
FTSFrosty the Snowman
40.6%
RATCTRockin' Around the Christmas Tree
40.1%
TLDBThe Little Drummer Boy
39.6%
SBSilver Bells
39.6%
Acronym Song % Correct
TFNThe First Noel
39.2%
JTTWJoy To The World
39.2%
HCSCHere Comes Santa Claus
38.2%
IDOAWCI'm Dreaming Of A White Christmas
38.2%
FNFeliz Navidad
38.2%
DYHWIHDo You Hear What I Hear?
37.3%
SRSleigh Ride
35%
HAHJCHave A Holly Jolly Christmas
34.6%
TMWTOTYThe Most Wonderful Time Of The Year
34.1%
AIWFCIMTFTAll I Want For Christmas Is My Two Front Teeth
30%
HTGSCHow the Grinch Stole Christmas
28.6%
GRYMGGod Rest Ye Merry, Gentlemen
28.6%
GKWGood King Wenceslas
27.6%
BCBlue Christmas
26.3%
TCS (CROAOF)The Christmas Song (Chestnuts Roasting On An Open Fire)
25.3%
COTBCarol Of The Bells
25.3%
IBTLALLCIt's Beginning To Look A Lot Like Christmas
25.3%
AWHHOHAngels We Have Heard On High
18%
TCS (CDBL)The Chipmunk Song (Christmas Don't Be Late)
13.8%
HFTHHome For The Holidays
11.1%

You're not logged in!

Compare scores with friends on all Sporcle quizzes.
OR
Log In

You Might Also Like...

Show Comments

Extras

Top Quizzes Today


Score Distribution

Your Account Isn't Verified!

In order to create a playlist on Sporcle, you need to verify the email address you used during registration. Go to your Sporcle Settings to finish the process.

Report this User

Report this user for behavior that violates our Community Guidelines.

Details: